Bài tập vẽ kĩ thuật cơ khí
Salvato in:
| Autore principale: | |
|---|---|
| Natura: | Libro |
| Lingua: | Undetermined |
| Pubblicazione: |
Hà Nội
Giáo dục
2003
|
| Soggetti: | |
| Tags: |
Aggiungi Tag
Nessun Tag, puoi essere il primo ad aggiungerne! !
|
| Thư viện lưu trữ: | Trung tâm Học liệu Trường Đại học Cần Thơ |
|---|
| LEADER | 00668nam a2200229Ia 4500 | ||
|---|---|---|---|
| 001 | CTU_96981 | ||
| 008 | 210402s9999 xx 000 0 und d | ||
| 020 | |c 19300 | ||
| 082 | |a 604.2076 | ||
| 082 | |b Qu250/T.2 | ||
| 100 | |a Trần, Hữu Quế | ||
| 245 | 0 | |a Bài tập vẽ kĩ thuật cơ khí | |
| 245 | 0 | |c Trần Hữu Quế, Nguyễn Văn Tuấn | |
| 260 | |a Hà Nội | ||
| 260 | |b Giáo dục | ||
| 260 | |c 2003 | ||
| 526 | |a Vẽ kỹ thuật | ||
| 526 | |b KC379 | ||
| 650 | |a Mechanical drawing | ||
| 650 | |x Problems, exercises, etc. | ||
| 904 | |i Vương | ||
| 980 | |a Trung tâm Học liệu Trường Đại học Cần Thơ | ||